| 000 | 01874nam a22002657a 4500 | ||
|---|---|---|---|
| 999 |
_c59444 _d59444 |
||
| 003 | Ge_BSU | ||
| 005 | 20230216173116.0 | ||
| 008 | 230216s2017 ge ||||| |||| 00| 0 geo d | ||
| 020 | _a9789941096624 | ||
| 041 | _ageo | ||
| 080 | _a364.632-055.2+ 342.726-055.2 ბ-37 | ||
| 100 |
_aბახტაძე, ქეთევან _916957 |
||
| 245 |
_aარაღიარებული ძალადობა : _bსამართალწარმოების ანგარიში = Unidentifield violence : Litigation report / _cავტორი ქეთევან ბახტაძე ; მთარგმნელი თ. ბერია ; რედაქტორი ეკატერინე აღდგომელაშვილი ; ყდის დიზაინი გ. წერეთელი. |
||
| 264 |
_aთბილისი : _b"ქალთა ინიციტივების მხარდამჭერი ჯგუფი" (WISG), _c 2017. |
||
| 300 |
_a179 გვ. ; _b 21 სმ. |
||
| 500 | _aგარეკანზე და თავფურცელზე ავტორი აღნიშნული არ არის. | ||
| 501 | _aტექსტი და რეზიუმე აგრეთვე ინგლ. ენაზე. | ||
| 504 | _aბიბლიოგრ.: გვ. 88-95 და 168-173. | ||
| 653 | _a ძალადობა ქალებზე. | ||
| 653 | _a სექსუალურ უმცირესობათა დისკრიმინაცია | ||
| 700 |
_aბერია, თ. _eმთარგმნელი _916958 |
||
| 700 |
_aაღდგომელაშვილი, ეკატერინე _eრედაქტორი _916959 |
||
| 700 |
_aწერეთელი, გ. _eყდის დიზაინერი _916960 |
||
| 942 |
_2udc _cBK |
||